LEADER 01476nam a2200301 4500 001 000000355757 003 CaOOAMICUS 005 20231109112650.0 008 231017s2003 it a 000 u ita r 040 $aSeMil$bita 245 00$aBanca di credito cooperativo di Barlassina :$b1953-2003 : cinquant'anni al servizio della comunità /$cricerca storica e redazione Pinuccia Sala ; critica alla Collezione d'arte Giovanna Ginex. 264 1$aBarlassina :$bBCC Credito Cooperativo,$c2003. 300 $a270 p. :$bill. ;$c31 cm 490 1 $aStoria delle BCC 500 $aIn custodia 541 0 $aOmaggio mons. Mario Delpini (3M VI 134) 650 4$aBanche di credito - Storia - Sec. 19.-20.$0(OLS)http://semarc/subject/42614 650 4$aBarlassina - Banca di credito cooperativo.$0(OLS)http://semarc/subject/54617 700 1 $aSala, Pinuccia.$0(OLS)http://semarc/name/59749 700 1 $aGinex, Giovanna,$d<1950- >.$0(OLS)http://semarc/name/21246 830 0$aStoria delle BCC.$0(OLS)http://semarc/title/440721 850 $aSeMil 852 $aSeMil$W1$xVenegono$y1$m3M VI 134$j244365$B246988$CSeMilBibl$Z2$F246988 $81 941 1 $a7 961 $aOmaggio mons. Mario Delpini 996 $6245$aBanca di credito cooperativo di Barlassina :$b1953-2003 : cinquant'anni al servizio della comunità$9(OLS)http://semarc/title/445980 996 $6264$aBarlassina :$bBCC Credito Cooperativo$9(OLS)http://semarc/publisher/52997 LEADER 01256nam a2200253 i 4500 001 000000089238 003 CaOOAMICUS 005 20100930000000.0 008 100930s2001 xxu u000 u eng u 013 $a61479 020 $a0-8146-5877-6 040 $aSeMil$bita 100 1 $aBeeck, Franz Jozef : van,$c.$0(OLS)http://semarc/name/3788 245 14$aThe genealogy of depravity :$bliving alive to the living God /$cFranz Jozef van Beeck. 260 $aCollegeville, Minnesota :$bThe Liturgical Press,$c2001. 300 $aXIII, 425 p. ;$c23 cm. 773 0 $aBeeck, Franz Jozef : van $tGod encountered.$dCollegeville, Minnesota : The Liturgical Press, 1989-2001.$g2$w()7282 773 0 $aBeeck, Franz Jozef : van $tRevelation of the glory.$dCollegeville, Minnesota : The Liturgical Press, 1993-2001.$g4$w()7283 850 $aSeMil 852 $aSeMil$W1$xVenegono$y1$m2RA III 34$j52386$B52386$CSeMilBibl$Z2$F56838 $81 961 $aOmaggio: Cozzi don Alberto 996 $6020$a0-8146-5877-6$9(OLS)http://semarc/number/69159 996 $6245$aThe genealogy of depravity :$bliving alive to the living God$9(OLS)http://semarc/title/135121 996 $6260$aCollegeville, Minnesota :$bThe Liturgical Press$9(OLS)http://semarc/publisher/29937